Normal view
MARC view
- Leonardo,
Entry Personal Name
001 - CONTROL NUMBER
- control field: 107207
003 - CONTROL NUMBER IDENTIFIER
- control field: NUST
005 - DATE AND TIME OF LATEST TRANSACTION
- control field: 20230120101909.0
008 - FIXED-LENGTH DATA ELEMENTS
- fixed length control field: 230120|| aca||aabn | a|a d
040 ## - CATALOGING SOURCE
- Original cataloging agency: NUST
- Transcribing agency: NUST
100 ## - HEADING--PERSONAL NAME
- Personal name: Leonardo,
- Dates associated with a name: 1452-1519
- General subdivision: Appreciation
670 ## - SOURCE DATA FOUND
- Source citation: Work cat.: (NUST)188240: Brown, Dan, 9885, The Da Vinci code :, 2003.
